Professional DCOM programming
Αποθηκεύτηκε σε:
| Κύριος συγγραφέας: | |
|---|---|
| Μορφή: | Βιβλίο |
| Γλώσσα: | English |
| Δημοσίευση: |
Birmingham ; : Chicago, Ill. :
Wrox Press,
1997
|
| Θέματα: | |
| Ετικέτες: |
Προσθήκη ετικέτας
Δεν υπάρχουν, Καταχωρήστε ετικέτα πρώτοι!
|
MARC
| LEADER | 00000nam a2200000 i 4500 | ||
|---|---|---|---|
| 001 | 1/96045 | ||
| 008 | 991213s1997 eng d | ||
| 020 | |a 1-861000-60-X | ||
| 035 | |l 10055581 | ||
| 040 | |a GR-MY-UA |b gre |e aacr | ||
| 041 | 0 | |a eng | |
| 082 | 0 | |a 004.36 | |
| 100 | 0 | |a Grimes, Richard. | |
| 245 | 1 | 0 | |a Professional DCOM programming / |c Richard Grimes |
| 260 | |a Birmingham ; : |a Chicago, Ill. : |b Wrox Press, |c 1997 | ||
| 300 | |a xix, 565 p.; |b ill.; |c 24 cm. | ||
| 504 | |a Includes index | ||
| 650 | 0 | 0 | |a Electronic data processing |x Distributed processing. |
| 650 | 0 | 0 | |a Object-oriented programming (Computer science) |
| 650 | 0 | 0 | |a Microsoft software. |
| 852 | |a INST |b SAMOS |e 19991213 |h 004.36 GRI |p 005300016285 |q 005300016285 |t BK |y 0 | ||
| 901 | |a BIBL3-2000-2 | ||
| 909 | |a Σ |b 071044 | ||
| 922 | |a 3ΕΛΗ |b 199911 |c ΤΠΕΣ |d ΠΑΠΑΣΩΤΗΡΙΟΥ | ||
| 950 | |a 133-1999-07-20 | ||
| 970 | |z 2000/05/ΜΠΡΑΤΤΗΣ | ||